[Event "Nouvel An U1500"]
[Site "Gatineau CAN"]
[Date "2016.02.02"]
[Round "5"]
[White "Ethier, Valori"]
[Black "Clermont, Yves"]
[Result "1-0"]
[WhiteElo "1360"]
[BlackElo "1017"]
[PlyCount "81"]
[EventDate "2016.01.05"]
[EventType "swiss"]
[EventRounds "5"]
[EventCountry "CAN"]

1. f4 d5 2. b3 Nf6 3. Bb2 Nc6 4. Nf3 Bf5 5. e3 Qd6 6. Bb5 O-O-O 7. Bxc6 Qxc6 8.
Nd4 Qd7 9. O-O h6 10. d3 g5 11. Nf3 gxf4 12. exf4 Bg4 13. Nbd2 Rg8 14. Qe1 Bh3
15. Rf2 Ng4 16. Ne5 Qf5 17. g3 Nxf2 18. Qxf2 b6 19. Ba3 h5 20. Nc6 Rd7 21. Re1
Qf6 22. Nxa7+ Kb8 23. Nb5 Bh6 24. Kh1 e6 25. Nf3 Rdd8 26. Nfd4 Kb7 27. Nf3 Bf8
28. Bc1 Bc5 29. Be3 Bb4 30. Bd4 Qg6 31. Re5 Ra8 32. a4 Bd6 33. Rg5 Qh6 34.
Nxd6+ cxd6 35. Rxg8 Rxg8 36. Bxb6 e5 37. Ba5 d4 38. Ng5 h4 39. Qf3+ Ka6 40.
Qc6+ Kxa5 41. Qb5# 1-0

[Event "Nouvel An U1500"]
[Site "Gatineau CAN"]
[Date "2016.02.02"]
[Round "5"]
[White "Legare, Gilles"]
[Black "Morones, Oliver"]
[Result "0-1"]
[WhiteElo "1071"]
[BlackElo "1341"]
[PlyCount "68"]
[EventDate "2016.01.05"]
[EventType "swiss"]
[EventRounds "5"]
[EventCountry "CAN"]

1. e4 d6 2. Nf3 e6 3. d3 h6 4. Be3 g6 5. Nc3 Bg7 6. d4 a6 7. e5 d5 8. Bd3 Ne7
9. a3 Nbc6 10. Qd2 Nf5 11. Bxf5 exf5 12. Qe2 Be6 13. O-O Qe7 14. Na4 b6 15. b4
g5 16. h3 f4 17. Bd2 h5 18. Nh2 Nxd4 19. Qd1 Bxe5 20. Bc3 Qf6 21. Nf3 Nxf3+ 22.
Qxf3 Bxc3 23. Nxc3 O-O-O 24. Rad1 g4 25. Qd3 Kb7 26. Qd4 Qg5 27. Ne2 gxh3 28.
Nxf4 h4 29. Rd3 hxg2 30. Re1 h3 31. Rg3 Qh4 32. Rxh3 Bxh3 33. Re5 Be6 34. Kxg2
Qh1+ 0-1

[Event "Nouvel An U1500"]
[Site "Gatineau CAN"]
[Date "2016.02.02"]
[Round "5"]
[White "Simard, Paul"]
[Black "Menard, Marc"]
[Result "1/2-1/2"]
[WhiteElo "1195"]
[BlackElo "1463"]
[PlyCount "64"]
[EventDate "2016.01.05"]
[EventType "swiss"]
[EventRounds "5"]
[EventCountry "CAN"]

1. f4 e5 2. fxe5 d6 3. Nf3 dxe5 4. e4 Nc6 5. Bb5 Bd7 6. b3 a6 7. Bxc6 Bxc6 8.
d3 f6 9. O-O Bc5+ 10. Kh1 Bd4 11. Nxd4 Qxd4 12. c3 Qb6 13. Nd2 O-O-O 14. Nc4
Qa7 15. Be3 b6 16. a4 h5 17. Qe2 Ne7 18. Rad1 Qb7 19. Rf3 b5 20. Na5 Qb8 21.
Bc5 Rd6 22. Qe3 bxa4 23. Nxc6 Rxc6 24. Bxe7 Rxc3 25. bxa4 Qb3 26. Rff1 Qxa4 27.
Rb1 Re8 28. Bb4 Rc2 29. Rfc1 Qa2 30. Qg1 Re2 31. Qf1 Rf2 32. Qg1 Re2 1/2-1/2

[Event "Nova Scotia Closed"]
[Site "Halifax CAN"]
[Date "2016.07.08"]
[Round "1"]
[White "Charlton, Glenn"]
[Black "Felix, Chris"]
[Result "0-1"]
[WhiteElo "2033"]
[BlackElo "2020"]
[PlyCount "34"]
[EventDate "2016.07.08"]
[EventType "tourn"]
[EventRounds "5"]
[EventCountry "CAN"]

1. d4 Nf6 2. Bf4 e6 3. e3 c5 4. Nf3 Qb6 5. Na3 cxd4 6. exd4 Bxa3 7. bxa3 Qa5+
8. Qd2 Qxa3 9. Bd3 Nc6 10. O-O O-O 11. Rfe1 b6 12. Re3 Qa5 13. Qe2 Nd5 14. Bd6
Nxe3 15. fxe3 Bb7 16. Rb1 Qh5 17. Rb5 f5 0-1

[Event "Nova Scotia Closed"]
[Site "Halifax CAN"]
[Date "2016.07.08"]
[Round "1"]
[White "Gonzalez Cueto, Jose"]
[Black "Giacomin, Gordon"]
[Result "1/2-1/2"]
[WhiteElo "2098"]
[BlackElo "1960"]
[PlyCount "81"]
[EventDate "2016.07.08"]
[EventType "tourn"]
[EventRounds "5"]
[EventCountry "CAN"]

1. d4 Nf6 2. Nf3 e6 3. e3 b6 4. Bd3 Bb7 5. Nbd2 d6 6. O-O Nbd7 7. Qe2 Be7 8. e4
O-O 9. Re1 e5 10. dxe5 Nxe5 11. Nxe5 dxe5 12. Nc4 Nd7 13. Bd2 Bf6 14. Bc3 Qe7
15. Ne3 Nc5 16. Nd5 Bxd5 17. exd5 Nxd3 18. Qxd3 Rfe8 19. Qe4 Qd7 20. Rad1 Rad8
21. Rd3 g6 22. h4 Bg7 23. h5 f5 24. Qh4 Qe7 25. Qc4 Qf7 26. hxg6 hxg6 27. Rg3
c5 28. a4 Rxd5 29. Rxg6 Qxg6 30. Qxd5+ Qe6 31. Qb7 Re7 32. Qa8+ Kf7 33. Qf3 e4
34. Qh5+ Qg6 35. Qh3 Bd4 36. Rd1 Rd7 37. Bxd4 cxd4 38. Qh8 Qf6 39. Qh7+ Ke6 40.
Qg8+ Ke7 41. b4 1/2-1/2

[Event "Nova Scotia Closed"]
[Site "Halifax CAN"]
[Date "2016.07.08"]
[Round "1"]
[White "McKay, Brian"]
[Black "Kenney, David"]
[Result "1-0"]
[WhiteElo "1877"]
[BlackElo "1861"]
[PlyCount "83"]
[EventDate "2016.07.08"]
[EventType "tourn"]
[EventRounds "5"]
[EventCountry "CAN"]

1. e4 c5 2. d4 cxd4 3. c3 dxc3 4. Nxc3 Nc6 5. Nf3 d6 6. Bc4 Nf6 7. Bg5 e6 8.
O-O Be7 9. Qe2 O-O 10. Rfd1 e5 11. h3 h6 12. Be3 a6 13. b4 b5 14. Bb3 Bb7 15.
a3 Rc8 16. Rac1 Qe8 17. Nh4 Kh7 18. Nf5 Qd7 19. Qd3 Nd8 20. Bd5 Bxd5 21. Nxd5
Rxc1 22. Bxc1 Nxd5 23. Qxd5 f6 24. Be3 Nb7 25. Rc1 Nd8 26. Bb6 Ne6 27. Be3 g5
28. g3 Kg6 29. h4 Rd8 30. h5+ Kxh5 31. Qxe6 Qxe6 32. Ng7+ Kg6 33. Nxe6 Rb8 34.
Nc7 a5 35. Nd5 Bd8 36. Rc6 axb4 37. axb4 h5 38. Kg2 h4 39. gxh4 gxh4 40. Kh3
Ra8 41. Rxd6 Ra3 42. Rxd8 1-0

[Event "Nova Scotia Closed"]
[Site "Halifax CAN"]
[Date "2016.07.09"]
[Round "2"]
[White "Giacomin, Gordon"]
[Black "Felix, Chris"]
[Result "0-1"]
[WhiteElo "1960"]
[BlackElo "2020"]
[PlyCount "86"]
[EventDate "2016.07.08"]
[EventType "tourn"]
[EventRounds "5"]
[EventCountry "CAN"]

1. e4 c5 2. Nf3 d6 3. d4 cxd4 4. Nxd4 Nf6 5. Nc3 a6 6. a4 Nc6 7. Be2 e5 8. Nb3
Be7 9. O-O O-O 10. Be3 Be6 11. f3 Qc7 12. Qd2 Nb4 13. Bd3 Nxd3 14. Qxd3 Bc4 15.
Qd2 Bxf1 16. Rxf1 Rfd8 17. a5 Qc6 18. Rd1 Rac8 19. Bb6 Rd7 20. g4 Bd8 21. Be3
b6 22. g5 Ne8 23. axb6 Bxb6 24. Bxb6 Qxb6+ 25. Kg2 Qb4 26. Ra1 Nc7 27. Ra4 Qb6
28. Ra5 Ne6 29. Na4 Qc6 30. Nc3 Nf4+ 31. Kg3 Rb7 32. Qf2 Qd7 33. Qf1 Qd8 34.
Rxa6 Qxg5+ 35. Kf2 Qh4+ 36. Ke3 Qxh2 37. Qd1 Rbc7 38. Rxd6 Rxc3+ 39. bxc3 Rxc3+
40. Rd3 Nxd3 41. cxd3 Rc2 42. Nd2 Ra2 43. Qc1 g6 0-1

[Event "Nova Scotia Closed"]
[Site "Halifax CAN"]
[Date "2016.07.09"]
[Round "2"]
[White "Gonzalez Cueto, Jose"]
[Black "McKay, Brian"]
[Result "1/2-1/2"]
[WhiteElo "2098"]
[BlackElo "1877"]
[PlyCount "95"]
[EventDate "2016.07.08"]
[EventType "tourn"]
[EventRounds "5"]
[EventCountry "CAN"]

1. d4 Nf6 2. Nf3 g6 3. Nbd2 Bg7 4. e4 d6 5. Be2 O-O 6. O-O c5 7. c3 a6 8. a4 b6
9. Ne1 cxd4 10. cxd4 Nc6 11. d5 Ne5 12. h3 Bb7 13. Qb3 Rc8 14. Nd3 Nfd7 15.
Nxe5 Nc5 16. Qb4 a5 17. Qa3 Bxe5 18. Re1 Na6 19. Bxa6 Bxa6 20. Nf3 Bg7 21. Be3
Rc4 22. Nd2 Rc2 23. Rab1 Qc7 24. Nf3 b5 25. axb5 Bxb5 26. Nd4 Bxd4 27. Bxd4 Rc4
28. Qe3 a4 29. Rbd1 Rc8 30. h4 Bd7 31. Qh6 f6 32. Kh2 Qd8 33. Re3 Qf8 34. Qf4
Qf7 35. Rg3 h5 36. Qh6 Be8 37. Qxh5 Qh7 38. Qg4 Kf8 39. Kg1 Qh5 40. Qxh5 gxh5
41. f4 Rc1 42. Rxc1 Rxc1+ 43. Kh2 Re1 44. Re3 Rxe3 45. Bxe3 Bd7 46. f5 Bb5 47.
g4 Bd3 48. Kg3 1/2-1/2

[Event "Nova Scotia Closed"]
[Site "Halifax CAN"]
[Date "2016.07.09"]
[Round "2"]
[White "Kenney, David"]
[Black "Charlton, Glenn"]
[Result "0-1"]
[WhiteElo "1861"]
[BlackElo "2033"]
[PlyCount "78"]
[EventDate "2016.07.08"]
[EventType "tourn"]
[EventRounds "5"]
[EventCountry "CAN"]

1. d4 Nf6 2. c4 g6 3. Nc3 Bg7 4. e4 d6 5. f3 a6 6. Be3 c6 7. Bd3 b5 8. Qd2 Nbd7
9. Nge2 e5 10. d5 cxd5 11. cxd5 O-O 12. O-O Ne8 13. Ng3 Nb6 14. Bh6 f5 15. Bxg7
Nxg7 16. f4 exf4 17. Rxf4 g5 18. Rf2 f4 19. Raf1 Nd7 20. Nge2 Ne5 21. Nd4 Qb6
22. Be2 Bd7 23. Kh1 Rac8 24. h3 h6 25. Kh2 b4 26. Nd1 Nc4 27. Bxc4 Rxc4 28. Nf3
Rxe4 29. b3 Rfe8 30. Nb2 Bb5 31. Re1 Rxe1 32. Nxe1 Qe3 33. Nf3 Nf5 34. Nc4 Bxc4
35. bxc4 a5 36. Qc2 Qe4 37. Qa4 Ne3 38. Qxa5 g4 39. Qb5 g3+ 0-1

[Event "Nova Scotia Closed"]
[Site "Halifax CAN"]
[Date "2016.07.09"]
[Round "3"]
[White "Charlton, Glenn"]
[Black "Gonzalez Cueto, Jose"]
[Result "1/2-1/2"]
[WhiteElo "2033"]
[BlackElo "2098"]
[PlyCount "35"]
[EventDate "2016.07.08"]
[EventType "tourn"]
[EventRounds "5"]
[EventCountry "CAN"]

1. d4 Nf6 2. Bf4 e6 3. e3 c5 4. Nd2 Nc6 5. Ngf3 Qb6 6. Nc4 Qd8 7. dxc5 Bxc5 8.
Bd6 Bxd6 9. Nxd6+ Ke7 10. Qd2 a6 11. Be2 Qc7 12. Rd1 Ne8 13. Nxe8 Rxe8 14. O-O
b6 15. Qd3 Bb7 16. Rd2 h6 17. Rfd1 Red8 18. Qd6+ 1/2-1/2

[Event "Nova Scotia Closed"]
[Site "Halifax CAN"]
[Date "2016.07.09"]
[Round "3"]
[White "Felix, Chris"]
[Black "Kenney, David"]
[Result "1-0"]
[WhiteElo "2020"]
[BlackElo "1861"]
[PlyCount "113"]
[EventDate "2016.07.08"]
[EventType "tourn"]
[EventRounds "5"]
[EventCountry "CAN"]

1. e4 c5 2. Nf3 a6 3. c3 d5 4. exd5 Qxd5 5. d4 Nc6 6. Be2 cxd4 7. cxd4 e6 8.
Nc3 Bb4 9. O-O Qd8 10. d5 exd5 11. Nxd5 Be6 12. Nxb4 Qxd1 13. Rxd1 Nxb4 14. Bd2
Nc6 15. Ng5 Bf5 16. Bc4 Bg6 17. Bc3 Nf6 18. Re1+ Kf8 19. Rad1 b5 20. Be2 h6 21.
Bf3 hxg5 22. Bxc6 Rb8 23. Be5 Rc8 24. Bb7 Re8 25. Bxa6 Kg8 26. Bxb5 Ra8 27. a4
Ng4 28. Bg3 f5 29. f3 Nf6 30. b4 f4 31. Bf2 Kh7 32. Re7 Bc2 33. Ra1 Nd5 34. Rd7
Nxb4 35. Bd4 Rhd8 36. Rxg7+ Kh6 37. Bb2 Nd5 38. Rc1 Ne3 39. Rc7 Rd2 40. Bf1
Nxf1 41. R1xc2 Rxc2 42. Rxc2 Ne3 43. Rc6+ Kh7 44. Bd4 Nf5 45. Rc4 Rd8 46. Bc3
Rd1+ 47. Kf2 Ne3 48. Rc7+ Kg6 49. a5 Rf1+ 50. Ke2 Rg1 51. Bd2 Rxg2+ 52. Kd3 Nf1
53. Rc6+ Kh5 54. Rc2 Rf2 55. Be1 Rxf3+ 56. Ke2 Nxh2 57. Rc3 1-0

[Event "Nova Scotia Closed"]
[Site "Halifax CAN"]
[Date "2016.07.09"]
[Round "3"]
[White "McKay, Brian"]
[Black "Giacomin, Gordon"]
[Result "0-1"]
[WhiteElo "1877"]
[BlackElo "1960"]
[PlyCount "42"]
[EventDate "2016.07.08"]
[EventType "tourn"]
[EventRounds "5"]
[EventCountry "CAN"]

1. e4 c6 2. d4 d5 3. Nd2 dxe4 4. Nxe4 Nd7 5. Bc4 Ndf6 6. Ng5 e6 7. Ne2 h6 8.
Nf3 Bd6 9. Bf4 Ne7 10. c3 Ned5 11. Bg3 Ne4 12. Ne5 Nxg3 13. hxg3 Qc7 14. Nd3
Bd7 15. Qd2 a5 16. Ndf4 Nxf4 17. Nxf4 c5 18. Nh5 cxd4 19. Qxd4 O-O-O 20. Be2 g6
21. b4 Be5 0-1

[Event "Nova Scotia Closed"]
[Site "Halifax CAN"]
[Date "2016.07.10"]
[Round "4"]
[White "Felix, Chris"]
[Black "McKay, Brian"]
[Result "0-1"]
[WhiteElo "2020"]
[BlackElo "1877"]
[PlyCount "76"]
[EventDate "2016.07.08"]
[EventType "tourn"]
[EventRounds "5"]
[EventCountry "CAN"]

1. e4 c5 2. Nf3 d6 3. Bb5+ Bd7 4. Bxd7+ Qxd7 5. c4 Nf6 6. Nc3 Nc6 7. d4 cxd4 8.
Nxd4 g6 9. f3 Bg7 10. Be3 Ne5 11. b3 Nc6 12. Rc1 Nh5 13. O-O O-O 14. Qd2 f5 15.
exf5 gxf5 16. Rfe1 e5 17. Ndb5 Rf6 18. Rcd1 Bf8 19. c5 f4 20. Bf2 Rg6 21. Nxd6
Bxd6 22. cxd6 Qh3 23. Bc5 Nd4 24. Bxd4 exd4 25. Ne4 Qxf3 26. Qe2 Qh3 27. Rd3
Qh4 28. Rxd4 f3 29. Qc4+ Kh8 30. Ng3 f2+ 31. Kxf2 Qxh2 32. Qc3 Rxg3 33. Rd3+
Rg7 34. d7 Qxg2+ 35. Ke3 Rd8 36. Qd4 h6 37. Rdd1 Qg3+ 38. Kd2 Rdxd7 0-1

[Event "Nova Scotia Closed"]
[Site "Halifax CAN"]
[Date "2016.07.10"]
[Round "4"]
[White "Giacomin, Gordon"]
[Black "Charlton, Glenn"]
[Result "1-0"]
[WhiteElo "1960"]
[BlackElo "2033"]
[PlyCount "43"]
[EventDate "2016.07.08"]
[EventType "tourn"]
[EventRounds "5"]
[EventCountry "CAN"]

1. e4 c5 2. Nf3 g6 3. d4 cxd4 4. Nxd4 Bg7 5. c4 Nc6 6. Be3 Nf6 7. Nc3 d6 8. Be2
O-O 9. O-O Bd7 10. Qd2 Nxd4 11. Bxd4 Bc6 12. f3 a5 13. Rfd1 a4 14. b4 axb3 15.
axb3 Rxa1 16. Rxa1 Nd7 17. Be3 Nc5 18. Rb1 b6 19. Nd5 e6 20. Nxb6 Qxb6 21. Qxd6
Nxe4 22. Qxf8+ 1-0

[Event "Nova Scotia Closed"]
[Site "Halifax CAN"]
[Date "2016.07.10"]
[Round "4"]
[White "Gonzalez Cueto, Jose"]
[Black "Kenney, David"]
[Result "1/2-1/2"]
[WhiteElo "2098"]
[BlackElo "1861"]
[PlyCount "51"]
[EventDate "2016.07.08"]
[EventType "tourn"]
[EventRounds "5"]
[EventCountry "CAN"]

1. d4 Nf6 2. Nf3 b6 3. e3 Bb7 4. Bd3 e6 5. Nbd2 c5 6. O-O Nc6 7. c3 Be7 8. Qe2
O-O 9. Re1 d5 10. b3 Qc7 11. Bb2 Bd6 12. e4 dxe4 13. Nxe4 Be7 14. Nfg5 Nxe4 15.
Qxe4 g6 16. Nxe6 fxe6 17. Qxe6+ Rf7 18. Bc4 Bd6 19. Qh3 Raf8 20. Re3 Ne7 21.
Bxf7+ Rxf7 22. c4 Bc8 23. Qh4 Rf4 24. Qg5 Rf5 25. Qh4 Rf4 26. Qg5 1/2-1/2

[Event "Nova Scotia Closed"]
[Site "Halifax CAN"]
[Date "2016.07.10"]
[Round "5"]
[White "Felix, Chris"]
[Black "Gonzalez Cueto, Jose"]
[Result "1-0"]
[WhiteElo "2020"]
[BlackElo "2098"]
[PlyCount "29"]
[EventDate "2016.07.08"]
[EventType "tourn"]
[EventRounds "5"]
[EventCountry "CAN"]

1. e4 e5 2. Nf3 Nf6 3. Nxe5 d6 4. Nf3 Nxe4 5. Nc3 Nxc3 6. dxc3 d5 7. c4 Be6 8.
Ng5 Qe7 9. Nxe6 Qxe6+ 10. Be2 dxc4 11. O-O Nd7 12. Bg4 Qd6 13. Re1+ Kd8 14.
Bg5+ f6 15. Qe2 1-0

[Event "Nova Scotia Closed"]
[Site "Halifax CAN"]
[Date "2016.07.10"]
[Round "5"]
[White "McKay, Brian"]
[Black "Charlton, Glenn"]
[Result "0-1"]
[WhiteElo "1877"]
[BlackElo "2033"]
[PlyCount "84"]
[EventDate "2016.07.08"]
[EventType "tourn"]
[EventRounds "5"]
[EventCountry "CAN"]

1. e4 c5 2. Nf3 g6 3. d4 cxd4 4. Nxd4 Bg7 5. Nc3 Nc6 6. Nb3 Bxc3+ 7. bxc3 Nf6
8. Bd3 d5 9. Qe2 dxe4 10. Bxe4 Nxe4 11. Qxe4 Bf5 12. Qe2 O-O 13. Bh6 Re8 14. h4
Qd5 15. O-O Qe4 16. Qxe4 Bxe4 17. Rac1 b6 18. Rfe1 Bd5 19. Rcd1 Red8 20. a3
Rac8 21. h5 f6 22. hxg6 hxg6 23. Bf4 e5 24. Bc1 g5 25. Bb2 Kf7 26. f3 Bxb3 27.
cxb3 Na5 28. Kf2 Nxb3 29. Ke2 Na5 30. Rh1 Rxd1 31. Rxd1 Ke6 32. Rd3 Nc4 33. Bc1
Rc5 34. g3 Ra5 35. f4 gxf4 36. gxf4 Nxa3 37. fxe5 Rxe5+ 38. Kf3 Nc4 39. Bf4 Rd5
40. Rxd5 Kxd5 41. Bc1 a5 42. Kf4 a4 0-1

[Event "November Weekender"]
[Site "Winnipeg CAN"]
[Date "2016.11.19"]
[Round "1"]
[White "Bonness, Will"]
[Black "Piche, Zachary"]
[Result "1-0"]
[WhiteElo "1903"]
[BlackElo "1216"]
[PlyCount "45"]
[EventDate "2016.11.19"]
[EventType "swiss"]
[EventRounds "4"]
[EventCountry "CAN"]

1. e4 c5 2. Nc3 e6 3. f4 d5 4. exd5 exd5 5. Nf3 Nc6 6. Bb5 d4 7. Ne4 Bf5 8. Ng3
Bg4 9. O-O Nf6 10. Qe2+ Be7 11. h3 Bxf3 12. Qxf3 Qc7 13. Nf5 O-O 14. Bxc6 bxc6
15. Qxc6 Qd8 16. Re1 Re8 17. Rxe7 Qd5 18. Rxe8+ Rxe8 19. Qxe8+ Nxe8 20. Ne7+
Kf8 21. Nxd5 Nd6 22. d3 Nf5 23. Bd2 1-0

[Event "November Weekender"]
[Site "Winnipeg CAN"]
[Date "2016.11.19"]
[Round "1"]
[White "Trueman, Francis"]
[Black "Piche, Jeremie"]
[Result "1/2-1/2"]
[WhiteElo "1429"]
[BlackElo "1627"]
[PlyCount "56"]
[EventDate "2016.11.19"]
[EventType "swiss"]
[EventRounds "4"]
[EventCountry "CAN"]

1. Nf3 d5 2. d3 Nf6 3. Nbd2 Nc6 4. g3 e5 5. e4 d4 6. Bg2 Bd6 7. a4 h6 8. Nc4
Bg4 9. O-O Qd7 10. Qe2 O-O-O 11. Bd2 h5 12. h4 Nh7 13. Rfb1 f6 14. Qe1 Rdg8 15.
b4 g5 16. b5 Nd8 17. b6 cxb6 18. Rxb6 Bc7 19. Rb5 Bxf3 20. Bxf3 gxh4 21. Rd5
Qh3 22. Bg2 Qg4 23. Kh2 Kb8 24. Bh3 hxg3+ 25. fxg3 Qf3 26. Bg2 Qg4 27. Bh3 Qf3
28. Bg2 Qg4 1/2-1/2

[Event "November Weekender"]
[Site "Winnipeg CAN"]
[Date "2016.11.19"]
[Round "1"]
[White "Wolchock, Theo"]
[Black "Gannon, Keith"]
[Result "1-0"]
[WhiteElo "2001"]
[BlackElo "1623"]
[PlyCount "53"]
[EventDate "2016.11.19"]
[EventType "swiss"]
[EventRounds "4"]
[EventCountry "CAN"]

1. c4 c5 2. g3 Nf6 3. Bg2 e6 4. Nc3 d5 5. cxd5 exd5 6. d4 Be6 7. Nf3 Nc6 8. O-O
c4 9. Ne5 Be7 10. f4 Qb6 11. e3 Nxe5 12. fxe5 Nd7 13. Nxd5 Bxd5 14. Bxd5 O-O
15. Bxc4 Rac8 16. Bd5 a6 17. Qf3 Qg6 18. Bd2 b5 19. Ba5 Bd8 20. Bb4 Nc5 21.
Bxc5 Rxc5 22. dxc5 Bc7 23. e6 Kh8 24. e7 Re8 25. Qxf7 Qxf7 26. Rxf7 g6 27. Rf8+
1-0

[Event "November Weekender"]
[Site "Winnipeg CAN"]
[Date "2016.11.19"]
[Round "2"]
[White "Anderson, Collin"]
[Black "Wolchock, Theo"]
[Result "1/2-1/2"]
[WhiteElo "1974"]
[BlackElo "2001"]
[PlyCount "42"]
[EventDate "2016.11.19"]
[EventType "swiss"]
[EventRounds "4"]
[EventCountry "CAN"]

1. e4 c5 2. Nf3 e6 3. d4 cxd4 4. Nxd4 Nf6 5. Nc3 Bb4 6. Bd3 Nc6 7. Nxc6 bxc6 8.
e5 Nd5 9. Qg4 O-O 10. Bh6 g6 11. Bxf8 Qxf8 12. O-O Nxc3 13. bxc3 Bxc3 14. Rab1
Bxe5 15. h4 Qh6 16. Rb3 Rb8 17. Rxb8 Bxb8 18. Rb1 Bc7 19. g3 Bb6 20. Qb4 Qf8
21. Qf4 Qc5 1/2-1/2

[Event "November Weekender"]
[Site "Winnipeg CAN"]
[Date "2016.11.19"]
[Round "2"]
[White "Gannon, Keith"]
[Black "Piche, Zachary"]
[Result "1/2-1/2"]
[WhiteElo "1623"]
[BlackElo "1216"]
[PlyCount "72"]
[EventDate "2016.11.19"]
[EventType "swiss"]
[EventRounds "4"]
[EventCountry "CAN"]

1. e4 c5 2. Nf3 e6 3. d4 cxd4 4. Nxd4 Nf6 5. Nd2 d6 6. Bd3 Be7 7. O-O Nc6 8.
Nxc6 bxc6 9. Re1 e5 10. c4 h5 11. a3 g5 12. b4 g4 13. b5 c5 14. a4 h4 15. a5 g3
16. fxg3 hxg3 17. h3 Bxh3 18. gxh3 Qd7 19. Qf3 Qxh3 20. Qg2 Qh2+ 21. Qxh2 gxh2+
22. Kh1 Ng4 23. Re2 Bg5 24. Nf3 Bxc1 25. Rxc1 Rh3 26. Rf1 Ke7 27. b6 axb6 28.
axb6 Kd7 29. b7 Rah8 30. Ra2 Kc7 31. b8=Q+ Kxb8 32. Rb1+ Kc7 33. Ra7+ Kc6 34.
Ra6+ Kd7 35. Ra7+ Kc6 36. Ra6+ Kc7 1/2-1/2

[Event "November Weekender"]
[Site "Winnipeg CAN"]
[Date "2016.11.19"]
[Round "2"]
[White "Magnusson, Saul"]
[Black "Trueman, Francis"]
[Result "1-0"]
[WhiteElo "2075"]
[BlackElo "1429"]
[PlyCount "70"]
[EventDate "2016.11.19"]
[EventType "swiss"]
[EventRounds "4"]
[EventCountry "CAN"]

1. d4 Nf6 2. c4 d6 3. Nf3 g6 4. Nc3 Bg7 5. e4 Nbd7 6. Be2 O-O 7. O-O e5 8. Be3
c6 9. Rc1 Re8 10. d5 c5 11. Ne1 Rb8 12. Nb5 Qb6 13. a4 a6 14. a5 Qxa5 15. Nxd6
Rd8 16. Nd3 Qc7 17. Nxc8 Rdxc8 18. f3 Qd6 19. Qd2 b5 20. cxb5 axb5 21. Ra1 Nb6
22. Ra6 Nfd7 23. b4 Qe7 24. Nxc5 Nxc5 25. Bxc5 Qc7 26. Bxb5 Nxd5 27. Ra7 Qd8
28. Ba6 Nxb4 29. Bxb4 Qb6+ 30. Qf2 Qxf2+ 31. Kxf2 Rc2+ 32. Kg3 Rxb4 33. Rd1 Rb8
34. Rdd7 Rf8 35. Bb7 Rd2 1-0

[Event "November Weekender"]
[Site "Winnipeg CAN"]
[Date "2016.11.19"]
[Round "2"]
[White "Piche, Jeremie"]
[Black "Bonness, Will"]
[Result "1-0"]
[WhiteElo "1627"]
[BlackElo "1903"]
[PlyCount "117"]
[EventDate "2016.11.19"]
[EventType "swiss"]
[EventRounds "4"]
[EventCountry "CAN"]

1. e4 c5 2. Nf3 g6 3. d4 cxd4 4. Nxd4 Nc6 5. c4 Nf6 6. Nc3 d6 7. f3 Bg7 8. Be3
O-O 9. Qd2 Nxd4 10. Bxd4 Be6 11. O-O-O Qa5 12. Kb1 Rfe8 13. Nb5 Qd8 14. Nxa7
Qb8 15. Qe3 Nd7 16. Nb5 Ne5 17. b3 Bd7 18. Nc3 Bc6 19. h4 f6 20. Be2 Nf7 21.
Nd5 Bxd5 22. cxd5 b5 23. Rc1 Qb7 24. Rc6 e5 25. Bb6 Bh6 26. Qf2 b4 27. Rc7 Qb8
28. Bb5 Rc8 29. Bc6 Rxc7 30. Bxc7 Qa7 31. Bb6 Qa6 32. Bxa8 Qxa8 33. Qc2 Qa6 34.
Bf2 Nd8 35. Qc4 Qb7 36. h5 gxh5 37. Rxh5 Bd2 38. Rh1 Nf7 39. Be1 Be3 40. Bxb4
Qb6 41. Ba3 Bg1 42. Qf1 Be3 43. Bc1 Bd4 44. g4 Qa5 45. Qd3 Bc3 46. Bb2 Bd2 47.
Rh2 Bf4 48. Rc2 Ng5 49. Bc1 Qe1 50. Kb2 Bxc1+ 51. Rxc1 Qf2+ 52. Rc2 Qe1 53. Qc3
Qf1 54. Qc8+ Kg7 55. Rc7+ Nf7 56. Qd7 Qe2+ 57. Ka3 Qa6+ 58. Qa4 Qf1 59. Qa7 1-0

[Event "November Weekender"]
[Site "Winnipeg CAN"]
[Date "2016.11.20"]
[Round "3"]
[White "Piche, Zachary"]
[Black "Anderson, Collin"]
[Result "0-1"]
[WhiteElo "1216"]
[BlackElo "1974"]
[PlyCount "78"]
[EventDate "2016.11.19"]
[EventType "swiss"]
[EventRounds "4"]
[EventCountry "CAN"]

1. d4 Nf6 2. c4 g6 3. Nc3 d5 4. cxd5 Nxd5 5. e4 Nxc3 6. bxc3 c5 7. Nf3 Bg7 8.
Be3 O-O 9. Bc4 Nc6 10. O-O Bg4 11. dxc5 Bxc3 12. Rc1 Bg7 13. h3 Bxf3 14. Qxf3
Ne5 15. Qe2 Rc8 16. Rfd1 Qa5 17. f4 Nxc4 18. Qxc4 Rfd8 19. Qb3 Qa6 20. f5 Qc6
21. fxg6 hxg6 22. Rf1 e6 23. Bg5 Rd7 24. Qf3 Qb5 25. Be3 Qb2 26. c6 bxc6 27.
Rf2 Qa3 28. Rd1 Rxd1+ 29. Qxd1 Qxe3 30. Qf3 Qxf3 31. Rxf3 c5 32. Rf1 c4 33. Rc1
c3 34. Rc2 Rb8 35. Rc1 Rb2 36. a3 c2 37. Kf2 Bh6 38. Re1 c1=Q+ 39. Kf1 Qd2 0-1

[Event "November Weekender"]
[Site "Winnipeg CAN"]
[Date "2016.11.20"]
[Round "3"]
[White "Trueman, Francis"]
[Black "Gannon, Keith"]
[Result "0-1"]
[WhiteElo "2001"]
[BlackElo "1623"]
[PlyCount "104"]
[EventDate "2016.11.19"]
[EventType "swiss"]
[EventRounds "4"]
[EventCountry "CAN"]

1. Nf3 Nf6 2. d3 Nc6 3. Nbd2 e5 4. e4 d6 5. g3 g6 6. Bg2 Bg7 7. O-O O-O 8. Re1
Re8 9. Qe2 Bd7 10. c3 d5 11. exd5 Nxd5 12. h4 Bg4 13. Nf1 Bxf3 14. Bxf3 Nde7
15. Nh2 Qd6 16. g4 Rad8 17. Rd1 a6 18. a4 b6 19. b3 Nd5 20. Bxd5 Qxd5 21. b4 b5
22. Be3 Qe6 23. axb5 axb5 24. Ra6 Ra8 25. Rda1 Rxa6 26. Rxa6 Qd7 27. Bc5 Bf8
28. Bxf8 Kxf8 29. Qe4 Nb8 30. Rf6 Re6 31. Rxe6 Qxe6 32. Qb7 Qb6 33. Qxb6 cxb6
34. Nf3 Nc6 35. Ng5 h6 36. Ne4 Ke7 37. Kf1 f5 38. gxf5 gxf5 39. Ng3 Kf6 40. Ne2
f4 41. f3 Kg6 42. Kg2 Kh5 43. Kh3 Ne7 44. d4 Nf5 45. dxe5 Nxh4 46. Nxf4+ Kg5
47. Kg3 Nf5+ 48. Kf2 Kxf4 49. e6 Ke5 50. e7 Nxe7 51. Kg3 Nd5 52. f4+ Nxf4 0-1

[Event "November Weekender"]
[Site "Winnipeg CAN"]
[Date "2016.11.20"]
[Round "3"]
[White "Wolchock, Theo"]
[Black "Piche, Jeremie"]
[Result "1-0"]
[WhiteElo "2001"]
[BlackElo "1627"]
[PlyCount "53"]
[EventDate "2016.11.19"]
[EventType "swiss"]
[EventRounds "4"]
[EventCountry "CAN"]

1. c4 c5 2. g3 Nc6 3. Bg2 b6 4. Nf3 Bb7 5. Nc3 e6 6. e3 Nf6 7. O-O Be7 8. b3 d6
9. d4 cxd4 10. Nxd4 Rc8 11. Bb2 a6 12. e4 Qc7 13. Qd2 O-O 14. Rad1 Ne5 15. f4
Ned7 16. Kh1 Nc5 17. Rfe1 Rfd8 18. Qe2 Nfd7 19. b4 Nxe4 20. Nxe4 d5 21. Qg4 Bf8
22. Nxe6 fxe6 23. Qxe6+ Kh8 24. Ng5 Re8 25. Nf7+ Kg8 26. Nh6+ Kh8 27. Qg8# 1-0

[Event "November Weekender"]
[Site "Winnipeg CAN"]
[Date "2016.11.20"]
[Round "4"]
[White "Anderson, Collin"]
[Black "Trueman, Francis"]
[Result "1-0"]
[WhiteElo "1974"]
[BlackElo "1429"]
[PlyCount "65"]
[EventDate "2016.11.19"]
[EventType "swiss"]
[EventRounds "4"]
[EventCountry "CAN"]

1. e4 d6 2. d4 Nf6 3. Nc3 g6 4. Nf3 Bg7 5. h3 O-O 6. Be3 Re8 7. Qd2 e5 8. dxe5
dxe5 9. O-O-O Qe7 10. Bg5 c6 11. Bc4 Be6 12. Nxe5 Bxc4 13. Nxc4 Qb4 14. Nd6 Rd8
15. Qd4 Qxd4 16. Rxd4 h6 17. Bxf6 Bxf6 18. Rd3 b5 19. Rhd1 Na6 20. f4 Nc5 21.
R3d2 b4 22. Ne2 Na4 23. e5 Be7 24. Nd4 Rxd6 25. exd6 Bxd6 26. Ne2 Be7 27. b3
Nc5 28. Nd4 Rc8 29. Re2 Bf6 30. Nf3 a5 31. Ne5 Kf8 32. Rd6 Nd7 33. Rxd7 1-0